| 000 | 04188nam a22003377a 4500 | ||
|---|---|---|---|
| 005 | 20100928110029.0 | ||
| 010 | _aB-404110-121 | ||
| 020 |
_c395.00 _a9788189997342 |
||
| 035 | _aB-404110-121 | ||
| 037 | _bश्री नटराज प्रकाशन/PUB | ||
| 082 | _a302.23 | ||
| 100 |
_aरैणा, गौरीशंकर _922306 |
||
| 245 |
_aदृश्य-श्रव्य माध्यमःकला एवं तकनीक / _cगौरीशंकर रैणा |
||
| 260 |
_aनई दिल्ली _bश्री नटराज प्रकाशन _c2009 |
||
| 270 |
_a4378/4बी, 306-जे.एम.डी.हाउस, अंसारी रोड, दरियागंज _bनई दिल्ली _e110002 _k011 30124789 |
||
| 300 |
_a175पृ. _c22सेमी (सजिल्द) |
||
| 942 |
_2ddc _cHN _mरैणागौ _h302.23 |
||
| 999 |
_c33809 _d33809 |
||